Architectronics : Revolutionary technologies for masterful building through design /

Gespeichert in:
Bibliographische Detailangaben
1. Verfasser: Winn, Michael (Verfasst von)
Format: Buch
Sprache:Englisch
Veröffentlicht: New York : McGraw-Hill, 1987
Tags: Tag hinzufügen
Keine Tags, Fügen Sie das erste Tag hinzu!

MARC

LEADER 00000nam a22000003a 4500
001 stu30013
005 20150617225738.5
008 951215s1987----xxu-----------------eng-d
020 |a 0-07-071072-4 
040 |a STU  |b slo 
041 0 |a eng 
044 |a xxu 
080 |a 720 
100 1 |a Winn, Michael  |4 aut 
245 1 |a Architectronics :  |b Revolutionary technologies for masterful building through design /  |c [aut]Winn,Michael 
260 |a New York :  |b McGraw-Hill,  |c 1987 
300 |a 14,322 s 
996 |b 284V027227  |c V*43735/O-19019  |l VVT  |s A  |a 24  |w stu30013_0001 
996 |b 284V027226  |c V*43736/O-19019a  |l VVT  |s A  |a 24  |w stu30013_0002 
996 |b 284V008199  |c V*43737/O-19019b  |l VVT  |s A  |a 24  |w stu30013_0003